Chemical Processing of textiles (Record no. 6800)

MARC details
000 -LEADER
fixed length control field 00291nam a2200121Ia 4500
008 - FIXED-LENGTH DATA ELEMENTS--GENERAL INFORMATION
fixed length control field 191201s2003 xx 000 0 und d
100 ## - MAIN ENTRY--PERSONAL NAME
Personal name KOUSHIK,C.V
245 #0 - TITLE STATEMENT
Title Chemical Processing of textiles
260 ## - PUBLICATION, DISTRIBUTION, ETC. (IMPRINT)
Date of publication, distribution, etc 2003
Name of publisher, distributor, etc NCUTE-IIT DELHI
300 ## - PHYSICAL DESCRIPTION
Extent 403
650 ## - SUBJECT ADDED ENTRY--TOPICAL TERM
Topical term or geographic name as entry element B.Tech(TE)
942 ## - ADDED ENTRY ELEMENTS (KOHA)
Source of classification or shelving scheme Dewey Decimal Classification
Koha item type Text Books
Holdings
Withdrawn status Lost status Source of classification or shelving scheme Damaged status Not for loan Collection code Home library Current library Date acquired Source of acquisition Bill Number Total Checkouts Full call number Acc. no. / Barcode Date last seen Bill Date Koha item type Public note Date last borrowed
    Dewey Decimal Classification     B.Tech(TE) PIET C-LIBRARY PIET C-LIBRARY 21/07/2020 NCUTE IIT Delhi Donated by Textile HOD Subsash sis Pal   677.00711 KOC 30392 04/12/2019 04/01/2019 Text Books Donated by HOD Subashsis Pal  
    Dewey Decimal Classification     B.Tech(TE) PIET C-LIBRARY PIET C-LIBRARY 21/07/2020 NCUTE IIT Delhi Donated by Textile HOD Subsash sis Pal 10   30393 17/12/2025 04/01/2019 Text Books Donated by HOD Subashsis Pal 03/12/2025
    Dewey Decimal Classification     B.Tech(TE) PIET C-LIBRARY PIET C-LIBRARY 21/07/2020 NCUTE IIT Delhi Donated by Textile HOD Subsash sis Pal 1 677.0711 KOC 30394 19/12/2020 04/01/2019 Text Books Donated by HOD Subashsis Pal 21/11/2020

Design & Developed by: PIET Central Library
R70 Miles Stone Pattikalyana Samalkha Panipat 132102
mail ID :- [email protected], Phone No:- 0180-2569700 Ex.216